[Event "Challenge"]
[Site "http://www.queenalice.com/game.php?id=760753"]
[Date "2010.4.14"]
[Round "-"]
[White "PRINCIFOR"]
[Black "hartlaub"]
[Result "0-1"]
[WhiteElo "1479"]
[BlackElo "2294"]

1. d4 f5 2. g3 e6 3. Bg2 d6 4. e4 fxe4 5. Bxe4 Nf6 6. Bg2 c6 7. Nf3 Be7 8. O-O
O-O 9. c4 Qe8 10. Re1 Bd8 11. Nc3 Bc7 12. Bg5 Qg6 13. Qb3 Kh8 14. Re2 Ng8 15.
Bd2 Nf6 16. Rae1 Re8 17. Ne4 Nxe4 18. Rxe4 b6 19. Nh4 Qf6 20. Rf4 Qe7 21. Bc3 g5
22. d5+ e5 23. Rfe4 gxh4 24. Rxh4 Bf5 25. f4 Qf6 26. fxe5 dxe5 27. Be4 Bxe4 28.
Rexe4 Nd7 29. Qc2 Re7 30. dxc6 Qxc6 31. Rh5 Nf6 32. Rexe5 Bxe5 33. Bxe5 Qc5+ 34.
Kh1 Rxe5 0-1

[Event "AUTO-ELITE-543"]
[Site "http://www.queenalice.com/game.php?id=771802"]
[Date "2010.5.6"]
[Round "1"]
[White "arvo1938"]
[Black "hartlaub"]
[Result "1-0"]
[WhiteElo "2295"]
[BlackElo "2316"]

1. e4 e6 2. d4 d5 3. Nd2 dxe4 4. Nxe4 Bd7 5. Nf3 Bc6 6. Bd3 Nd7 7. O-O Ngf6 8.
Ng3 Bxf3 9. Qxf3 c6 10. Re1 Qb6 11. c3 Bd6 12. Nf5 Bf8 13. a4 O-O-O 14. a5 Qb3
15. Ne3 1-0

[Event "AUTO-ELITE-543"]
[Site "http://www.queenalice.com/game.php?id=771803"]
[Date "2010.5.6"]
[Round "1"]
[White "hartlaub"]
[Black "carbon"]
[Result "0-1"]
[WhiteElo "2260"]
[BlackElo "2267"]

1. d4 Nf6 2. Nc3 d5 3. e4 Nxe4 4. Nxe4 dxe4 5. Bf4 Nd7 6. f3 exf3 7. Nxf3 Nf6 8.
Bc4 e6 9. O-O Be7 10. Qe1 O-O 11. Bd3 c5 12. Qh4 c4 13. Bxc4 Nd5 14. Bg5 Bxg5
15. Nxg5 h6 16. Nf3 Qxh4 17. Nxh4 Ne3 18. Bd3 Nxf1 19. Rxf1 Bd7 20. Nf3 Bc6 21.
Ne5 Rac8 22. Nxc6 Rxc6 23. a4 Rd8 24. c3 g6 25. Bb5 Rc7 26. Bd3 e5 0-1

[Event "AUTO-ELITE-543"]
[Site "http://www.queenalice.com/game.php?id=771804"]
[Date "2010.5.6"]
[Round "1"]
[White "carbon"]
[Black "hartlaub"]
[Result "1-0"]
[WhiteElo "2254"]
[BlackElo "2273"]

1. e4 e6 2. d4 d5 3. e5 c5 4. c3 Nc6 5. Nf3 Qb6 6. a3 cxd4 7. cxd4 f6 8. Bd3
fxe5 9. dxe5 Bc5 10. O-O Nge7 11. Nc3 Qc7 12. b4 Bb6 13. Nb5 Qd7 14. Nd6+ Kf8
15. Bb2 Bc7 16. b5 Nd8 17. Re1 Bxd6 18. exd6 Qxd6 19. Ne5 1-0

[Event "AUTO-ELITE-565"]
[Site "http://www.queenalice.com/game.php?id=788162"]
[Date "2010.6.10"]
[Round "1"]
[White "trill"]
[Black "hartlaub"]
[Result "1-0"]
[WhiteElo "2403"]
[BlackElo "2286"]

1. e4 e6 2. d4 d5 3. exd5 exd5 4. c4 Nf6 5. Nc3 Bb4 6. Bd3 O-O 7. Ne2 dxc4 8.
Bxc4 Nbd7 9. O-O c6 10. Bb3 Nb6 11. Qd3 Bg4 12. Bg5 Qd6 13. f3 Bh5 14. Nf4 Bg6
15. Nxg6 hxg6 16. Ne4 Nxe4 17. fxe4 Bc5 18. Rad1 Bb4 19. a3 Ba5 20. e5 Qd7 21.
Rxf7 1-0

[Event "AUTO-ELITE-565"]
[Site "http://www.queenalice.com/game.php?id=788163"]
[Date "2010.6.10"]
[Round "1"]
[White "hartlaub"]
[Black "trill"]
[Result "0-1"]
[WhiteElo "2295"]
[BlackElo "2386"]

1. d4 Nf6 2. Nc3 d5 3. e4 Nxe4 4. Nxe4 dxe4 5. Bf4 e6 6. f3 Bd6 7. Bxd6 cxd6 8.
Nh3 e5 9. dxe5 Bxh3 10. gxh3 Qh4+ 11. Ke2 Nc6 12. Qd5 exf3+ 13. Kd2 Qf4+ 0-1

[Event "AUTO-ELITE-565"]
[Site "http://www.queenalice.com/game.php?id=788166"]
[Date "2010.6.10"]
[Round "1"]
[White "Donidon"]
[Black "hartlaub"]
[Result "1-0"]
[WhiteElo "2280"]
[BlackElo "2274"]

1. e4 e6 2. d4 d5 3. Nc3 dxe4 4. Nxe4 Bd7 5. Nf3 Bc6 6. Bd3 Nd7 7. O-O Ngf6 8.
Nxf6+ Qxf6 9. Be2 Bxf3 10. Bxf3 c6 11. c3 Bd6 12. Qb3 Rb8 13. Be3 O-O 14. Qc2 e5
15. d5 cxd5 16. Bxd5 Bc5 17. Be4 h6 18. Rad1 Rfd8 19. Rxd7 1-0

[Event "AUTO-ELITE-565"]
[Site "http://www.queenalice.com/game.php?id=788167"]
[Date "2010.6.10"]
[Round "1"]
[White "hartlaub"]
[Black "Donidon"]
[Result "0-1"]
[WhiteElo "2248"]
[BlackElo "2352"]

1. d4 Nf6 2. Nc3 d5 3. e4 dxe4 4. f3 Bf5 5. fxe4 Bg4 6. Nf3 e6 7. Bg5 Be7 8. Be2
O-O 9. O-O Nc6 10. Qe1 Bxf3 11. Rxf3 Nxd4 12. Rd3 e5 13. Rad1 c6 14. Rh3 h6 15.
Bc1 Qb6 16. Kh1 Nxe2 17. Qxe2 Rad8 18. Rf1 Nh7 19. Qg4 Bg5 20. Rf5 Bxc1 0-1

[Event "QA-ANNIV-05"]
[Site "http://www.queenalice.com/game.php?id=793754"]
[Date "2010.6.23"]
[Round "5"]
[White "kiwinap"]
[Black "hartlaub"]
[Result "0-1"]
[WhiteElo "2001"]
[BlackElo "2270"]

1. f4 e5 2. fxe5 d6 3. exd6 Bxd6 4. Nf3 Bg4 5. d4 Bxf3 6. exf3 Qh4+ 7. g3 Bxg3+
8. hxg3 Qxh1 9. Nc3 Nc6 10. Bg5 Nge7 11. Qe2 O-O-O 12. O-O-O Rxd4 13. Bxe7 Rxd1+
14. Kxd1 Re8 15. Nd5 Nxe7 16. Nxe7+ Kd7 0-1

[Event "Challenge"]
[Site "http://www.queenalice.com/game.php?id=802288"]
[Date "2010.7.12"]
[Round "-"]
[White "hartlaub"]
[Black "caterina"]
[Result "0-1"]
[WhiteElo "2260"]
[BlackElo "2132"]

1. d4 d5 2. e4 dxe4 3. Nc3 Nf6 4. f3 exf3 5. Nxf3 g6 6. Bc4 Bg7 7. O-O O-O 8.
Qe1 Bf5 9. Qh4 Bxc2 10. Bh6 Bf5 0-1

[Event "AUTO-MASTER-1221"]
[Site "http://www.queenalice.com/game.php?id=832601"]
[Date "2010.9.14"]
[Round "1"]
[White "ylisavbots"]
[Black "hartlaub"]
[Result "1-0"]
[WhiteElo "2230"]
[BlackElo "2171"]

1. Nf3 d5 2. g3 Nc6 3. Bg2 Nf6 4. d4 Bg4 5. O-O e6 6. c3 Bd6 7. Bg5 O-O 8. Nbd2
h6 9. Bxf6 Qxf6 10. Qb3 b6 11. Qa4 Ne7 12. Qa6 Ng6 13. h3 Bf5 14. Rae1 e5 15.
dxe5 Nxe5 16. Nxe5 Qxe5 17. e4 Bc8 18. Qb5 dxe4 19. Qxe5 Bxe5 20. Rxe4 Bd6 21.
Nc4 Bb7 22. Nxd6 cxd6 23. Rd4 Bxg2 24. Kxg2 Rfd8 25. Rfd1 Kf8 26. Rxd6 Rxd6 27.
Rxd6 Ke7 28. Rd4 g6 29. f4 Rc8 30. Kf3 Rc5 31. a4 b5 32. Ke3 bxa4 33. Rxa4 a5
34. Re4+ Kd6 35. Kd3 Rh5 36. h4 Rb5 37. Kc2 h5 38. b3 f6 39. Rd4+ Ke6 40. Kb2 g5
41. fxg5 fxg5 42. Ka3 gxh4 43. gxh4 Ke5 44. Ka4 1-0

[Event "AUTO-MASTER-1221"]
[Site "http://www.queenalice.com/game.php?id=832602"]
[Date "2010.9.14"]
[Round "1"]
[White "hartlaub"]
[Black "ylisavbots"]
[Result "0-1"]
[WhiteElo "2225"]
[BlackElo "2280"]

1. d4 Nf6 2. Nc3 d5 3. e4 Nxe4 4. Nxe4 dxe4 5. Bf4 Nd7 6. Bc4 Nf6 7. f3 e6 8.
fxe4 Nxe4 9. Nf3 Nd6 10. Bd3 Be7 11. O-O O-O 12. c3 a5 13. Qe1 f5 14. Ne5 Bf6
15. Kh1 Qe8 16. Qg3 b6 17. Rae1 Ba6 0-1

[Event "AUTO-MASTER-1221"]
[Site "http://www.queenalice.com/game.php?id=832615"]
[Date "2010.9.14"]
[Round "1"]
[White "hartlaub"]
[Black "rogervolei"]
[Result "1-0"]
[WhiteElo "2198"]
[BlackElo "1829"]

1. d4 e6 2. e4 a6 3. Nc3 b5 4. a3 g6 5. Qf3 Bb7 6. Bd3 f5 7. Nh3 h6 8. Qg3 Kf7
9. O-O Bd6 10. e5 Be7 11. Ne2 g5 12. c4 bxc4 13. Bxc4 d5 14. Bd3 Nc6 15. Be3 f4
16. Nhxf4 gxf4 17. Nxf4 Bg5 18. Nh5 1-0

[Event "AUTO-MASTER-1221"]
[Site "http://www.queenalice.com/game.php?id=832616"]
[Date "2010.9.14"]
[Round "1"]
[White "rogervolei"]
[Black "hartlaub"]
[Result "0-1"]
[WhiteElo "1827"]
[BlackElo "2199"]

1. e3 e5 2. a3 d5 3. Qh5 Nc6 4. Bb5 Bd6 5. Bxc6+ bxc6 6. h3 Nf6 7. Qd1 O-O 8. d3
e4 9. b4 a5 10. bxa5 Rxa5 11. Ne2 exd3 12. cxd3 c5 13. Ra2 Ra8 14. g4 Bb7 15. f4
Nd7 16. g5 Nb6 17. h4 d4 18. exd4 Bxh1 19. dxc5 Bxc5 0-1

[Event "AUTO-MASTER-1221"]
[Site "http://www.queenalice.com/game.php?id=832617"]
[Date "2010.9.14"]
[Round "1"]
[White "hartlaub"]
[Black "valdiluis"]
[Result "1-0"]
[WhiteElo "2200"]
[BlackElo "1956"]

1. d4 g6 2. Nc3 Bg7 3. e4 e6 4. f3 Nf6 5. Bg5 h6 6. Bh4 g5 7. Bf2 O-O 8. h4 d5
9. hxg5 hxg5 10. e5 Nh7 11. f4 Nc6 12. Qh5 f6 13. Qxh7+ Kf7 14. fxg5 fxg5 15.
Bd3 Rh8 16. Qg6+ Kg8 17. Rxh8+ 1-0

[Event "AUTO-MASTER-1221"]
[Site "http://www.queenalice.com/game.php?id=832618"]
[Date "2010.9.14"]
[Round "1"]
[White "valdiluis"]
[Black "hartlaub"]
[Result "1-0"]
[WhiteElo "2006"]
[BlackElo "2199"]

1. c4 f5 2. d4 e6 3. Nc3 Bb4 4. Bd2 Nf6 5. Nf3 O-O 6. e3 d6 7. Be2 Bxc3 8. bxc3
Qe8 9. O-O c6 10. Rb1 e5 11. Qb3 e4 12. Ne1 Kh8 13. g3 g5 14. f4 exf3 15. Nxf3
Ne4 16. Be1 h5 17. Bd3 Qg6 18. Kg2 h4 19. Bxe4 fxe4 20. Nxh4 Qh6 21. Rxf8+ Kg7
22. Rxc8 gxh4 23. Qxb7+ Kf6 24. gxh4 Qxe3 25. Rf8+ 1-0

[Event "AUTO-ELITE-454"]
[Site "http://www.queenalice.com/game.php?id=837349"]
[Date "2010.9.24"]
[Round "2"]
[White "StenioVS"]
[Black "hartlaub"]
[Result "1-0"]
[WhiteElo "2238"]
[BlackElo "2215"]

1. d4 f5 2. e4 fxe4 3. Nc3 Nf6 4. Bg5 d5 5. Bxf6 exf6 6. Qh5+ g6 7. Qxd5 Bg7 8.
Qxe4+ Kf7 9. Bc4+ Kf8 10. O-O-O Bf5 11. Qxb7 Nd7 12. Nf3 Rb8 13. Qd5 Bh6+ 14.
Kb1 Qe7 15. Rhe1 Rxb2+ 16. Kxb2 Qb4+ 17. Bb3 1-0

[Event "AUTO-ELITE-454"]
[Site "http://www.queenalice.com/game.php?id=837350"]
[Date "2010.9.24"]
[Round "2"]
[White "hartlaub"]
[Black "StenioVS"]
[Result "0-1"]
[WhiteElo "2181"]
[BlackElo "2235"]

1. d4 g6 2. e4 Bg7 3. Nc3 c5 4. dxc5 Qa5 5. Bd2 Qxc5 6. Nf3 Nc6 7. Be2 Nf6 8.
O-O O-O 9. Be3 Qb4 10. Rb1 Ng4 11. Bd2 Qc5 12. h3 Nge5 13. Be3 Qa5 14. a3 d6 15.
Nd5 Qd8 16. Nxe5 Nxe5 17. Bd4 Bd7 18. f4 Nc6 19. Bxg7 Kxg7 20. f5 f6 21. fxg6
hxg6 22. Bg4 Ne5 23. Be2 Rc8 24. Qe1 Rxc2 25. Qd1 Rc8 26. h4 Be6 27. Nf4 Bf7 28.
h5 g5 29. Nd5 Rh8 30. Ne3 Qb6 31. Qd2 Nc4 0-1

[Event "AUTO-ELITE-454"]
[Site "http://www.queenalice.com/game.php?id=837351"]
[Date "2010.9.24"]
[Round "2"]
[White "Miguelname"]
[Black "hartlaub"]
[Result "1-0"]
[WhiteElo "2406"]
[BlackElo "2205"]

1. d4 f5 2. g3 Nf6 3. Bg2 e6 4. c4 Bb4+ 5. Nd2 O-O 6. Nf3 d6 7. O-O Bxd2 8. Bxd2
Qe8 9. Rc1 Nbd7 10. c5 dxc5 11. dxc5 c6 12. Qb3 Kh8 13. Ng5 Nd5 14. e4 fxe4 15.
Nxe4 N7f6 16. Nd6 Qe7 17. Qa3 Ne8 18. f4 h6 19. Nc4 Ndc7 20. Ne5 Rf6 21. Qd3 Nd5
22. g4 Kg8 23. Be4 g5 24. fxg5 Rxf1+ 25. Rxf1 hxg5 26. Bh7+ 1-0

[Event "AUTO-ELITE-454"]
[Site "http://www.queenalice.com/game.php?id=837352"]
[Date "2010.9.24"]
[Round "2"]
[White "hartlaub"]
[Black "Miguelname"]
[Result "0-1"]
[WhiteElo "2204"]
[BlackElo "2393"]

1. d4 Nf6 2. Nc3 d5 3. e4 Nxe4 4. Nxe4 dxe4 5. Bf4 Nc6 6. c3 Be6 7. f3 g5 8.
Bxg5 Qd5 9. Be3 Rg8 10. Qa4 exf3 11. Nxf3 Qe4 12. Kf2 O-O-O 13. Bb5 Bd5 14. Bxc6
Rxg2+ 0-1

[Event "QA-ANNIV-05"]
[Site "http://www.queenalice.com/game.php?id=841335"]
[Date "2010.10.3"]
[Round "6"]
[White "hartlaub"]
[Black "Matrick"]
[Result "0-1"]
[WhiteElo "2239"]
[BlackElo "2182"]

1. d4 Nf6 2. f3 d5 3. e4 dxe4 4. Nc3 exf3 5. Nxf3 Bf5 6. Ne5 e6 7. g4 Be4 8.
Nxe4 Nxe4 9. Qf3 Qxd4 10. Qxf7+ Kd8 11. Bg5+ Nxg5 12. Rd1 Nxf7 13. Rxd4+ Ke7 0-1

[Event "QA-ANNIV-05"]
[Site "http://www.queenalice.com/game.php?id=885908"]
[Date "2011.1.13"]
[Round "7"]
[White "carpielo"]
[Black "hartlaub"]
[Result "1-0"]
[WhiteElo "1780"]
[BlackElo "2161"]

1. e4 e6 2. e5 d5 3. d4 c5 4. Bb5+ Bd7 5. Qd3 Qa5+ 6. Nc3 c4 7. Bxd7+ Nxd7 8.
Qf3 b5 9. Ne2 b4 10. Nd1 Ne7 11. Bd2 Ng6 12. a3 c3 13. bxc3 bxc3 14. Bxc3 Qc7
15. O-O Be7 16. Ne3 O-O 17. Bb4 Bxb4 18. axb4 f6 19. Qh3 Rae8 20. f4 f5 21. c3
Nb6 22. Rfc1 Nc4 23. Nxc4 dxc4 24. Qh5 Rf7 25. Ra6 1-0

[Event "Challenge"]
[Site "http://www.queenalice.com/game.php?id=1078411"]
[Date "2012.7.2"]
[Round "-"]
[White "FORNEIRO1901"]
[Black "hartlaub"]
[Result "1-0"]
[WhiteElo "2250"]
[BlackElo "2129"]

1. d4 e5 2. dxe5 d6 3. Nf3 Nc6 4. Bg5 f6 5. exf6 Nxf6 6. Nc3 Be7 7. e4 O-O 8.
Bb5 Bd7 9. O-O a6 10. Bxc6 Bxc6 11. Nd4 Bd7 12. Qd3 Ng4 13. Bxe7 Qxe7 14. f3 Ne5
15. Nd5 Qh4 16. Qb3 Kh8 17. Nxc7 Rab8 18. Rad1 Rfc8 19. Nd5 Bc6 20. Nf5 Qh5 21.
Nf4 Qg5 22. Ne6 Qg6 23. Ne7 Qf7 24. Nxc8 Rxc8 25. Rxd6 1-0

[Event "Challenge"]
[Site "http://www.queenalice.com/game.php?id=1078412"]
[Date "2012.7.2"]
[Round "-"]
[White "hartlaub"]
[Black "FORNEIRO1901"]
[Result "0-1"]
[WhiteElo "2138"]
[BlackElo "2242"]

1. d4 d5 2. e4 dxe4 3. Nc3 Nf6 4. f3 exf3 5. Nxf3 Bg4 6. h3 Bxf3 7. Qxf3 c6 8.
Qf2 Nbd7 9. Bg5 e6 10. Bd3 Qb6 11. O-O-O Bb4 12. Ne4 Nxe4 13. Bxe4 Qa5 14. Bd2
Bxd2+ 15. Rxd2 Nf6 16. Bd3 Qxa2 17. c3 Qa1+ 18. Bb1 Ne4 19. Qe3 Nxd2 20. Qxd2 a5
21. c4 a4 22. d5 cxd5 23. cxd5 Rc8+ 0-1